[Event "St Petersburg Autumn op"]
[Site "St Petersburg"]
[Date "2006.11.04"]
[Round "5"]
[White "Korchagina, Victoria"]
[Black "Yerastov, Alexey"]
[Result "1-0"]
[WhiteElo "2091"]
[BlackElo "2253"]
[PlyCount "130"]
[EventDate "2006.10.31"]
[EventType "swiss"]
[EventRounds "9"]
[EventCountry "RUS"]
[SourceTitle "EXT 2007"]
[Source "ChessBase"]
[SourceDate "2006.11.23"]
[SourceVersion "1"]
[SourceVersionDate "2006.11.23"]
[SourceQuality "1"]

1. e4 e5 2. Nf3 Nc6 3. Bb5 a6 4. Ba4 g6 5. 0-0 Bg7 6. c3 Nge7 7. d4 b5 8. Bc2 d6 9. h3 0-0 10. a4 Bd7 11. Re1 exd4 12. cxd4 Nb4 13. Bb3 c5 14. Bf4 Bc6 15. Nc3 c4 16. Bc2 Nxc2 17. Qxc2 b4 18. Ne2 d5 19. e5 Qd7 20. Bg5 Rae8 21. a5 Qb7 22. Ng3 Bd7 23. Qd2 Nf5 24. Nxf5 Bxf5 25. Nh2 Rc8 26. Re3 Rc6 27. Nf1 h6 28. Bf4 g5 29. Bh2 Rfc8 30. Rc1 Qb5 31. f4 gxf4 32. Bxf4 Qxa5 33. Rg3 c3 34. bxc3 bxc3 35. Qf2 Be4 36. Ne3 Rg6 37. Ng4 Rcc6 38. Bxh6 Rxh6 39. Nxh6+ Rxh6 40. Rcxc3 Qd8 41. Qf4 Re6 42. Qg4 Bg6 43. h4 f5 44. Qf3 Qxh4 45. Rc8+ Kf7 46. Rc7+ Kg8 47. Rc8+ Kf7 48. Rc7+ Kg8 49. Qxd5 Qxg3 50. Qxe6+ Kh8 51. Rc8+ Kh7 52. Qg8+ Kh6 53. Qc4 f4 54. Qe2 Bd3 55. Rc6+ Kg5 56. Qf2 Kf5 57. Rc7 Bh6 58. Rf7+ Ke4 59. e6 Qxf2+ 60. Kxf2 Bc4 61. Rf6 Bg7 62. e7 Bb5 63. Re6+ Kxd4 64. e8Q Bxe8 65. Rxe8 Kd5 1-0

[Event "St Petersburg Autumn op"]
[Site "St Petersburg"]
[Date "2006.10.31"]
[Round "1"]
[White "Glazov, Anatoly"]
[Black "Yerastov, Alexey"]
[Result "0-1"]
[WhiteElo "2028"]
[BlackElo "2253"]
[PlyCount "120"]
[EventDate "2006.10.31"]
[EventType "swiss"]
[EventRounds "9"]
[EventCountry "RUS"]
[SourceTitle "EXT 2007"]
[Source "ChessBase"]
[SourceDate "2006.11.23"]
[SourceVersion "1"]
[SourceVersionDate "2006.11.23"]
[SourceQuality "1"]

1. e4 c5 2. Nf3 Nf6 3. Nc3 Nc6 4. d4 d5 5. dxc5 d4 6. Nb5 e5 7. Bd3 Bxc5 8. 0-0 a6 9. Na3 b5 10. Bg5 h6 11. Bh4 Qd6 12. Nb1 0-0 13. Nbd2 Bg4 14. a3 Rfe8 15. h3 Bh5 16. Qe2 Ne7 17. g4 Nxg4 18. hxg4 Bxg4 19. Bg3 Ng6 20. Kg2 Qf6 21. Rh1 Re6 22. Rag1 Nf4+ 23. Bxf4 Qxf4 24. Kf1 Rf6 25. Rxg4 Qxg4 26. Nxe5 Qe6 27. Ng4 Rf4 28. Rg1 h5 29. Nh2 Qh3+ 30. Rg2 Re8 31. Ndf3 Qe6 32. Ng5 Qh6 33. e5 Be7 34. Nhf3 Rg4 35. Ne4 Qc1+ 36. Ne1 Qf4 37. Nf3 Bf8 38. Ng3 g6 39. Ne4 Bg7 40. Rxg4 hxg4 41. Nxd4 Rxe5 42. Nc6 Rh5 43. Ng3 Rc5 44. Qe8+ Kh7 45. Ne7 Re5 46. Bxg6+ fxg6 47. Qxg6+ Kh8 48. Ngf5 Qc4+ 49. Kg2 Qe4+ 50. Kg1 Rxe7 51. Nxe7 Qxe7 52. Qh5+ Kg8 53. Qxg4 Qd6 54. Qc8+ Kf7 55. Qf5+ Bf6 56. Qh7+ Ke6 57. Qe4+ Be5 58. Qg4+ Kd5 59. Qf3+ Kc5 60. b4+ Kb6 0-1

[Event "St Petersburg Autumn op"]
[Site "St Petersburg"]
[Date "2005.10.31"]
[Round "3"]
[White "Lanin, Alexsej"]
[Black "Yerastov, Alexey"]
[Result "1/2-1/2"]
[WhiteElo "2425"]
[BlackElo "2268"]
[PlyCount "57"]
[EventDate "2005.10.29"]
[EventType "swiss"]
[EventRounds "9"]
[EventCountry "RUS"]
[SourceTitle "EXT 2006"]
[Source "ChessBase"]
[SourceDate "2005.11.24"]
[SourceVersion "1"]
[SourceVersionDate "2005.11.24"]
[SourceQuality "1"]

1. e4 e5 2. Nf3 Nc6 3. Bb5 a6 4. Ba4 Nf6 5. 0-0 Be7 6. Re1 b5 7. Bb3 d6 8. c3 0-0 9. d4 Bg4 10. Be3 exd4 11. cxd4 Na5 12. Bc2 Nc4 13. Bc1 c5 14. b3 Nb6 15. Bb2 Qc7 16. Nbd2 c4 17. bxc4 Nxc4 18. Nxc4 bxc4 19. Rc1 d5 20. exd5 Bb4 21. Re5 c3 22. a3 Qd6 23. axb4 cxb2 24. Rb1 Qxb4 25. Re3 Rfe8 26. Qd2 Qxd2 27. Nxd2 Nxd5 28. Rxe8+ Rxe8 29. f3 1/2-1/2

[Event "St Petersburg Autumn op"]
[Site "St Petersburg"]
[Date "2005.10.29"]
[Round "1"]
[White "Part, Fedor"]
[Black "Yerastov, Alexey"]
[Result "0-1"]
[WhiteElo "2016"]
[BlackElo "2268"]
[PlyCount "100"]
[EventDate "2005.10.29"]
[EventType "swiss"]
[EventRounds "9"]
[EventCountry "RUS"]
[SourceTitle "EXT 2006"]
[Source "ChessBase"]
[SourceDate "2005.11.24"]
[SourceVersion "1"]
[SourceVersionDate "2005.11.24"]
[SourceQuality "1"]

1. d4 b5 2. Nf3 e6 3. g3 Bb7 4. Bg2 f5 5. 0-0 Nf6 6. b3 b4 7. Bb2 Be7 8. c4 bxc3 9. Nxc3 0-0 10. Rc1 Na6 11. a3 Ne4 12. Nxe4 Bxe4 13. Ne5 Bxg2 14. Kxg2 c6 15. f3 Nc7 16. e4 Rb8 17. Qc2 Rb7 18. Rfd1 Bg5 19. Ra1 fxe4 20. fxe4 Ne8 21. Rf1 Be7 22. Rxf8+ Bxf8 23. Rf1 Nf6 24. Rf3 Qa5 25. Nc4 Qh5 26. e5 Nd5 27. Ne3 Nxe3+ 28. Rxe3 Rb8 29. Rf3 Be7 30. Qf2 Qg4 31. Qe2 Qg6 32. Qd3 Qh5 33. Qe2 g6 34. Qe3 Rf8 35. Rxf8+ Bxf8 36. Qf3 Qf5 37. Qxf5 exf5 38. Kf3 Kf7 39. Ke3 Ke6 40. Kd3 Kd5 41. b4 Be7 42. Bc1 g5 43. Be3 g4 44. Bf4 h5 45. Be3 h4 46. Bf4 h3 47. Be3 d6 48. Bf4 dxe5 49. dxe5 c5 50. Kc3 a6 0-1

[Event "St Petersburg White Nights op"]
[Site "St Petersburg"]
[Date "2005.06.24"]
[Round "7"]
[White "Yerastov, Alexey"]
[Black "Smirnov, Artem"]
[Result "0-1"]
[WhiteElo "2229"]
[BlackElo "2413"]
[PlyCount "94"]
[EventDate "2005.06.18"]
[EventType "swiss"]
[EventRounds "9"]
[EventCountry "RUS"]
[SourceTitle "CBM 106 Extra"]
[Source "ChessBase"]
[SourceDate "2005.07.01"]
[SourceVersion "1"]
[SourceVersionDate "2005.07.01"]
[SourceQuality "1"]

1. Nf3 Nf6 2. c4 e6 3. Nc3 Bb4 4. Qc2 0-0 5. a3 Bxc3 6. Qxc3 c5 7. e3 b6 8. Be2 Bb7 9. d3 Qe7 10. 0-0 d5 11. b3 Nbd7 12. Bb2 Rac8 13. Rfd1 Rfd8 14. Ne5 Nf8 15. Rac1 d4 16. exd4 cxd4 17. Qe1 Ne8 18. Bh5 f6 19. Nf3 g6 20. Bg4 f5 21. Bh3 Bxf3 22. gxf3 Qh4 23. Bg2 Nf6 24. Rc2 Nh5 25. Bc1 Nf4 26. Bxf4 Qxf4 27. Qd2 Qxd2 28. Rcxd2 g5 29. Re1 Kf7 30. Rde2 Re8 31. f4 gxf4 32. Bb7 Rc7 33. Bd5 Kf6 34. Re5 Ree7 35. Bf3 Nd7 36. Rb5 Rc5 37. Ba8 Rxb5 38. cxb5 Ne5 39. f3 Rc7 40. Bc6 Nxc6 41. Rc1 Ke7 42. Kg2 Kd6 43. bxc6 Rxc6 44. Rxc6+ Kxc6 45. Kh3 e5 46. Kh4 e4 47. Kh3 exd3 0-1

[Event "St Petersburg op"]
[Site "St Petersburg"]
[Date "2001.??.??"]
[Round "4"]
[White "Fedorov, Gleb"]
[Black "Yerastov, Alexey"]
[Result "1/2-1/2"]
[WhiteElo "2191"]
[BlackElo "2290"]
[PlyCount "120"]
[EventDate "2001.??.??"]
[EventType "swiss"]
[EventRounds "9"]
[EventCountry "RUS"]
[SourceTitle "EXT 2002"]
[Source "ChessBase"]
[SourceDate "2001.11.25"]
[SourceVersion "1"]
[SourceVersionDate "2001.11.25"]
[SourceQuality "1"]

1. e4 e5 2. Bc4 Bc5 3. Nf3 Nc6 4. d3 Nf6 5. Bg5 h6 6. Bh4 g5 7. Bg3 d6 8. h3 a6 9. Nc3 Bd7 10. a3 Qe7 11. Qd2 Rg8 12. 0-0-0 0-0-0 13. Rhe1 Qf8 14. Nd5 Nxd5 15. Bxd5 Qg7 16. Qc3 Bb6 17. b4 Rgf8 18. Qb3 Ne7 19. Re2 Nxd5 20. exd5 f5 21. c4 f4 22. Bh2 g4 23. hxg4 Bxg4 24. Rc2 Bxf3 25. gxf3 Bd4 26. c5 dxc5 27. bxc5 Qf7 28. c6 Bb6 29. Rc5 bxc6 30. Rxc6 Kb7 31. Re6 Rfe8 32. a4 Rxe6 33. dxe6 Qe7 34. Rd2 a5 35. Re2 Qc5+ 36. Kd2 Qd6 37. Re4 Re8 38. Ke2 Ka7 39. Qc4 Qa3 40. d4 Qb2+ 41. Ke1 Qb1+ 42. Ke2 Qb2+ 43. Ke1 exd4 44. Bxf4 d3 45. Qxd3 Qxf2+ 46. Kd1 Rg8 47. Bd2 Rg1+ 48. Re1 Rxe1+ 49. Bxe1 Qc5 50. Qe4 Qd6+ 51. Ke2 Bc5 52. Bh4 Qh2+ 53. Kd3 Qa2 54. e7 Qb3+ 55. Ke2 Qb2+ 56. Kf1 Qa1+ 57. Kg2 Qg1+ 58. Kh3 h5 59. Bg3 Qh1+ 60. Bh2 Bxe7 1/2-1/2

[Event "St Petersburg op"]
[Site "St Petersburg"]
[Date "2001.??.??"]
[Round "2"]
[White "Kostin, Sergei Anatolievich"]
[Black "Yerastov, Alexey"]
[Result "1/2-1/2"]
[WhiteElo "2247"]
[BlackElo "2290"]
[PlyCount "102"]
[EventDate "2001.??.??"]
[EventType "swiss"]
[EventRounds "9"]
[EventCountry "RUS"]
[SourceTitle "EXT 2002"]
[Source "ChessBase"]
[SourceDate "2001.11.25"]
[SourceVersion "1"]
[SourceVersionDate "2001.11.25"]
[SourceQuality "1"]

1. d4 Nf6 2. c4 g6 3. Nc3 Bg7 4. e4 d6 5. f3 0-0 6. Bg5 c6 7. Qd2 a6 8. Nge2 b5 9. Nc1 Nbd7 10. Be2 bxc4 11. Bxc4 d5 12. Be2 e5 13. dxe5 Nxe5 14. f4 Nc4 15. Bxc4 dxc4 16. Qxd8 Rxd8 17. e5 Re8 18. N1e2 Ng4 19. h3 Ne3 20. Kf2 h6 21. Bh4 Nc2 22. Rad1 Nb4 23. Nc1 g5 24. fxg5 hxg5 25. Bxg5 Bxe5 26. a3 Nd5 27. N1e2 Rb8 28. Bc1 Nxc3 29. Nxc3 c5 30. Rhe1 Bf5 31. g4 Bd3 32. Kg2 f5 33. gxf5 Kf7 34. Kf3 Bd4 35. Ne4 Rh8 36. Kg4 Rb6 37. Ng5+ Kf6 38. Ne4+ Bxe4 39. Rxe4 Rg8+ 40. Kf4 Rg2 41. Rexd4 cxd4 42. Rxd4 Rc2 43. Be3 Rbxb2 44. Rd7 Rf2+ 45. Bxf2 Rxf2+ 46. Ke4 Re2+ 47. Kf4 Rf2+ 48. Ke3 Rh2 49. Rd6+ Ke5 50. Rxa6 Rxh3+ 51. Kd2 Kxf5 1/2-1/2